| 000 | 00580nam a2200241Ia 4500 | ||
|---|---|---|---|
| 001 | 564 | ||
| 005 | 20240113233419.0 | ||
| 007 | ta | ||
| 008 | 050119s1974 a g b000 u eng u | ||
| 020 | _cPB | ||
| 040 | _astack | ||
| 041 | _aeng | ||
| 082 |
_a572.954 _bSh 57 H |
||
| 100 | _aSherring, M.A. . | ||
| 245 | 0 |
_aHindu Tribes and castes Vol.II / _cM.A.Sherring. _hTextual Documents |
|
| 250 | _a1st ed. / | ||
| 260 |
_aDelhi : _bCosmo , _c1974. |
||
| 300 |
_a375p. : _bill ; _c28cm. . |
||
| 653 | _aHuman races | ||
| 942 |
_2ddc _cBK |
||
| 999 |
_c562 _d562 |
||